|
|
|
|
| LEADER |
00000nam a22000007a 4500 |
| 005 |
20210503234429.0 |
| 007 |
cr|||| |||| |
| 008 |
210503s2019 co |||||s|||| 00||0 spa d |
| 020 |
|
|
|a 978-958-665-553-8
|
| 035 |
|
|
|a 33245
|
| 040 |
|
|
|a vLex
|
| 090 |
|
|
|c 11603
|d 11603
|
| 100 |
1 |
|
|a Duplat Ayala, Tatiana
|
| 245 |
1 |
0 |
|a Paz en la Guerra
|h [Recurso electrn̤ico] :
|b Reconciliacin̤ y democracia en el Alto Ariari /
|c Tatiana Duplat Ayala
|
| 256 |
|
|
|a Servicio en ln̕ea
|
| 260 |
|
|
|a Bogot:̀
|b Siglo del Hombre Editores,
|c 2019
|
| 300 |
|
|
|a 1 recurso electrn̤ico
|
| 500 |
|
|
|a Este libro relata la historia de dos pueblos que firmaron un pacto de reconciliacin̤ en 1998 en medio de los enfrentamientos entre la guerrilla y los paramilitares. A travš de los acontecimientos que transcurrieron en El Castillo y El Dorado, regin̤ del Alto Ariari situada en el departamento del Meta, se muestra cm̤o en Colombia existe una larga experiencia en construccin̤ de paz promovida por las comunidades que han resistido de las maneras ms̀ creativas e inusitadas al conflicto armado durante dčadas.
|
| 506 |
1 |
|
|a Disponible solo en los productos indicados
|d vLex Global
|d vLex Global (Academic Edition, excluding Law Schools)
|d vLex Global (U.S. Academic Edition, Law Schools)
|d vLex Global (U.S. Academic Edition, excluding Law Schools)
|d vLex Global (Academic Edition, Law Schools)
|
| 650 |
0 |
4 |
|a Ciencias sociales
|z Colombia
|
| 650 |
0 |
4 |
|a Humanidades
|z Colombia
|
| 740 |
0 |
|
|a vLex Libros (Servicio en ln̕ea)
|
| 856 |
4 |
0 |
|u https://vlex.com/source/paz-en-la-guerra-reconciliacion-y-democracia-en-el-alto-ariari-33245
|z Acceso restringido
|
| 942 |
|
|
|c BOOK
|
| 999 |
0 |
|
|a Social Sciences
|
| 999 |
0 |
|
|a Humanities
|